000 00638nam a2200241Ia 4500
003 OSt
005 20220918184829.0
006 a|||||r|||| 00| 0
007 ta
008 220917b |||||||| |||| 00| 0 eng d
024 _a48,273
037 _cTextual
040 _aARTS
_cARTS
_beng
041 _2eng
_aeng
082 _aP:3z7, M0
100 _aVan Der Auwera Johan ed
_966780
245 0 _aSemantics of determiners
260 _aLondon
_bCroom Helm Univ Park Press
_c1980
300 _a309p.
_ccm.
650 _aLINGUISTICS
942 _hP:3z7, M0
_cTEXL
_2CC
999 _c177943
_d177943